| 000 | 01531cam a2200397Li 4500 | ||
|---|---|---|---|
| 999 |
_c52130 _d52130 |
||
| 003 | BJBSDDR | ||
| 005 | 20230410120811.0 | ||
| 007 | ta | ||
| 008 | 090602s2009 fr 000 0 fre d | ||
| 020 | _a9782259210515 (br) | ||
| 020 | _a2259210511 (br) | ||
| 029 | 1 |
_aZWZ _b134566416 |
|
| 035 | _a(OCoLC)ocn470600242 | ||
| 035 | _a(OCoLC)470600242 | ||
| 040 |
_aBDF _bfre _cBDF |
||
| 041 | _aspa | ||
| 050 | 1 | 4 |
_aB HV 6769 _bM183W 2009 |
| 082 | 0 | 0 |
_a364.168 092 _222 |
| 100 | 1 | _aWeitmann, Amir. | |
| 245 | 1 | 2 |
_aL'affaire Madoff / _cAmir Weitmann. |
| 260 |
_aParis : _bPlon, _cimpr. 2009 _e(27-Mesnil-sur-l'Estrée : _fImpr. Firmin-DIdot) |
||
| 300 |
_a1 vol. (245 p.) : _bcouv. ill. en coul. ; _c23 cm. |
||
| 500 | _aLa couv. porte en plus : "les secrets de l'arnaque du siécle" | ||
| 500 | _aEn appendice, choix de documents. | ||
| 500 | _aGlossaire anglais-francais. | ||
| 520 | _aA partir des témoignages des victimes de l'affaire Madoff, cette enquête répond à la question que tout le monde se pose : comment Madoff a-t-il réussi à tromper autant de monde et à éviter tous les contrôles pendant plus de vingt ans? | ||
| 600 | 1 | 0 |
_aMadoff, Bernard, _d1938-.... _xBiographies. |
| 600 | 1 | 6 | _aMadoff, Bernard. |
| 650 | 7 |
_aCriminalité des affaires _zEtats-Unis _y1990-.... _2ram |
|
| 650 | 4 |
_aCrisis económica _y2008 _9693 |
|
| 650 | 4 |
_aEstafas _918686 |
|
| 650 | 6 |
_aFraude boursiére _zEtats-Unis. |
|
| 650 | 6 | _aPonzi, Plans. | |
| 650 | 6 |
_aEscroqueries _zâEtats-Unis _vCas, Etudes de. |
|
| 942 |
_2lcc _cBK |
||